| 000 | 00779nam a2200241 4500 | ||
|---|---|---|---|
| 003 | OSt | ||
| 005 | 20260601170958.0 | ||
| 008 | 260421b2000\\\\spaa||||\||||\00|\0\spa\d | ||
| 020 | _a9788425218248 | ||
| 040 |
_aICI _bspa _cICI |
||
| 050 |
_aTH4809.H6 _bD57 2000 |
||
| 100 | 1 |
_aN. J. Habrahen _931001 |
|
| 245 | 1 |
_aEl diseño de soportes / _cN. J. Habrahen ... [y otros.] ; version castellana de Indaleci Miras Pardo |
|
| 264 |
_bGustavo Gili, _c2000 _a Barcelona : | |
||
| 300 |
_a209 páginas : _b ilustraciones |
||
| 336 |
_atexto _2rdacontent |
||
| 337 |
_asin medio _2rdamedia |
||
| 338 |
_avolumen _2rdacarrier |
||
| 650 |
_aViviendas _z Holanda _931002 |
||
| 700 |
_a Habraken, N. J., _ecolaborador |
||
| 700 |
_aMiras Pardo, Indaleci, _etraductor _931004 |
||
| 942 |
_2lcc _cB |
||
| 999 |
_c19949 _d19949 |
||